MARC

LEADER 00000nam1a2200000 4500
001 253630
005 20231101232848.0
010 |a 5211011171 
020 |a RU  |b 88-89103 
035 |a (RuTPU)RU\TPU\book\276030 
090 |a 253630 
100 |a 20140314d1988 k y0rusy5003 ca 
101 0 |a rus 
200 1 |a К работам Анри Пуанкаре "О динамике электрона"  |f А. А. Логунов 
205 |a 2-е изд., перераб. и доп. 
210 |a Москва  |c Изд-во МГУ  |d 1988 
215 |a 102 с. 
600 1 |a Пуанкаре  |b Ж. А.  |c французский математик  |f 1854-1912  |g Жюль Анри  |c физик  |c философ  |c астроном  |2 stltpush  |3 (RuTPU)RU\TPU\pers\8982 
606 1 |a Относительности теория  |2 stltpush  |3 (RuTPU)RU\TPU\subj\47735  |9 66647 
610 0 |a электроны 
610 0 |a динамика 
610 0 |a свет 
610 0 |a оптические явления 
610 0 |a электрические явления 
610 0 |a преобразование Лоренца 
610 0 |a уравнения 
610 0 |a квазистационарное движение 
610 0 |a тяготение 
610 0 |a гипотезы 
675 |a 530.12  |z rus 
700 1 |a Логунов  |b А. А.  |g Анатолий Алексеевич 
801 0 |a RU  |b RuMRKP  |c 19950417  |g psbo 
801 1 |a RU  |b 63413507  |c 20140314 
801 2 |a RU  |b 63413507  |c 20140428  |g RCR 
942 |c BK